000 00571nam a22001817a 4500
005 20251108172457.0
008 250721s9999 xx 000 0 ara d
082 1 4 _a342موا
100 1 _aموافي، أحمد
245 1 0 _aنظام مجالس التأديب : طبيعته - ضماناته /
264 1 _aالقاهرة :
_bدار النهضة العربية،
300 _a154ص
650 1 7 _aالقانون الإداري
650 1 7 _aالقرارات الإدارية
650 1 7 _aالمحاكم الإدارية
942 _2ddc
_cBK
999 _c80356
_d80356